Cultivation techniques of Dorian in snuol district, kratie province,(បច្ចេកទេសដាំដុះដំណាំធុរេននៅស្រុកស្នួល ខេត្តក្រចេះ). (Record no. 829)

000 -LEADER
fixed length control field 00584nam a22001577a 4500
003 - CONTROL NUMBER IDENTIFIER
control field OSt
005 - DATE AND TIME OF LATEST TRANSACTION
control field 20150919114141.0
008 - FIXED-LENGTH DATA ELEMENTS--GENERAL INFORMATION
fixed length control field 150919b xxu||||| |||| 00| 0 eng d
040 ## - CATALOGING SOURCE
Transcribing agency RUA
082 ## - DEWEY DECIMAL CLASSIFICATION NUMBER
Classification number AGR CHE 2006 BO33 Or.1
100 ## - MAIN ENTRY--PERSONAL NAME
9 (RLIN) 859
Personal name CHEAM, SEAMMPOLIN
245 ## - TITLE STATEMENT
Title Cultivation techniques of Dorian in snuol district, kratie province,(បច្ចេកទេសដាំដុះដំណាំធុរេននៅស្រុកស្នួល ខេត្តក្រចេះ).
260 ## - PUBLICATION, DISTRIBUTION, ETC. (IMPRINT)
Place of publication, distribution, etc. phnom phen
Name of publisher, distributor, etc. RUA
Date of publication, distribution, etc. 2006
300 ## - PHYSICAL DESCRIPTION
Extent XIII,49p.
Other physical details ill.
Dimensions 29cmm.
942 ## - ADDED ENTRY ELEMENTS (KOHA)
Source of classification or shelving scheme
Koha item type AGR
Holdings
Price effective from Date last seen Permanent Location Not for loan Date acquired Source of classification or shelving scheme Koha item type Lost status Withdrawn status Total Renewals Date last checked out Total Checkouts Shelving location Damaged status Barcode Checked out Current Location Full call number
2015-09-192025-06-23Library Block B 2015-09-19 AGR  12025-06-2010B033 RUA002707 Library Block BAGR CHE 2006 BO33 Or.1
2015-09-192026-06-20Library Block B 2015-09-19 AGR  12026-06-209B033 RUA0029102026-07-08Library Block DAGR CHE 2006 BO33 Or.2
មជ្ឈមណ្ឌលឯការនៃសាកលវិទ្យាល័យភូមិន្ទកសិកម្មចំការដូង

Powered by Koha